000 01017nam a2200301 i 4500
003 EG-GICUC
005 20260412200046.0
008 260412s1959 fr |||fr|||| 00| 0 fre d
040 _aEG-GiCUC
_bfre
_cEG-GiCUC
_dEG-GiCUC
_eRda
082 0 4 _221
_a343.1
_bGA . C
092 0 4 _221
099 _aLaw1 10 343.1 GA . C 1951
100 1 _aGarçon, Émile
_eAuteur
245 1 0 _aCode Pénal Annoté /
_cPar Émile Garçon.
250 _bNouvelle Edition Entièrement Refondue Et Mise a Jour
264 1 _aParis :
_bLibrairie Sirey,
_c1959.
300 _a60 page ;
_c 24 cm.
336 _2rda contenu
_a texte
337 _2rda medias
_aOrdinateur
338 _2 transporteur rda
_a Ressource en ligne
500 _aMise a Jour AU 1ER Février 1959 Des Tomes 1-11 Et 1 Et Contraventions De Police
650 1 _aDroit Pénal Général
_2qrmak
650 1 _aDroit De Pénal
_2qrmak
651 1 _2qrmak
856 4 0 _uhttps://fll.law.cu.edu.eg/fulltext/bks/B10-08636.pdf
905 _a54
942 _2ddc
_cBK
_e21
_n0
999 _c70408
_d70408